Riconosci lo Stato - Quiz n°154 - Statistics

Statistiche generali
  • Questo quiz è stato fatto 18 volte
  • Il punteggio medio è 11 su 12
Statistiche sulle risposte
Indizio Risposta % Corretto
Popolazione 119 940 ab.
100%
Indipendenza 12 luglio 1979 dal Regno Unito
93%
Superficie 811 km²
93%
Valuta Dollaro
93%
Forma di Governo Repubblica parlamentare
93%
Iniziale della Capitale T
93%
Presidente della Repubblica Taneti Maamau
93%
Fuso Orario UTC+12, +13, +14
93%
ISU 0,630
87%
Tasso di crescita 1,71%
87%
PIL (nominale) 175 milioni di $
87%
Risposta Kiribati
73%
Nessun quiz corrispondente trovato
Distribuzione punteggi
Percentuale di utenti per punteggio
Percentile per numero di risposta
I tuoi punteggi nel tempo
Non hai fatto questo quiz